Die Flur- und Siedlungsnamen der ehemaligen deutschen Sprachinsel Bielitz

Titel: Die Flur- und Siedlungsnamen der ehemaligen deutschen Sprachinsel Bielitz / Grzegorz M. Chromik
Verfasser:
In: Germanistik interdisziplinär, (2016), Seite 587-595
alle Artikel anzeigen
Veröffentlicht: 2016
Format: Aufsatz
Sprache: Deutsch
Schlagworte:
Kein Bild verfügbar
X
alg: 45588686
001A    $03025:22-11-19 
001B    $01999:22-11-19 $t22:29:26.000 
001D    $03025:22-11-19 
001U    $0utf8 
001X    $00 
002@    $0Aou 
002C    $aText $btxt $2rdacontent 
002D    $aohne Hilfsmittel zu benutzen $bn $2rdamedia 
002E    $aBand $bnc $2rdacarrier 
003@    $0455886865 
007A    $0455886865 $aHEB 
010@    $ager 
010E    $erda 
011@    $a2016 
021A    $aDie @Flur- und Siedlungsnamen der ehemaligen deutschen Sprachinsel Bielitz $hGrzegorz M. Chromik 
028A    $BVerfasser $#Chromik, Grzegorz $#Chromik, Grzegorz Marek $4aut $71139495291 $8Chromik, Grzegorz M. [Tp3] $9416440916 
031A    $h587-595 $j2016 
039B    $aEnthalten in $8--Aax--. Germanistik interdisziplinär. - Hamburg : Verlag Dr. Kovač, 2016. - 621 Seiten. - Illustrationen, Graphen. - ISBN 978-3-8300-9148-6 $x201600000000000413 $9383916089 
044K    $#Bielsko-Biała, ziemia $#Bielitz-Bialaer Land $74536324-9 $8Bielsko-Biała$zRegion [Tg1] $9089403436 
044K    $74233286-2 $8Sprachinsel [Ts1] $9086219421 
044K    $RSüdgermanische Sprachen $#German language $#Allemand (langue) $#Neuhochdeutsch $#Deutsche Sprache $#Hochdeutsch $74113292-0 $8Deutsch [Tsz] $9085334081 
044K    $RGeografischer Name $#Field names $#Lieux-dits $#Mikrotoponym $#Gemarkungsname $#Flurnamen $74017725-7 $8Flurname [Ts1] $9085041335 
044K    $RGeografischer Name $#Toponymy $#Toponymie $#Historischer Ortsname $#Siedlungsname $#Toponym $#Toponymikon $#Ortsnamen $74043950-1 $8Ortsname [Ts1] $9085122882 
045F    $a417.7094385 $eDDC23BSB 
045F/01 $a417.7 
045F/03 $g4385 
045F/03 $g438 

lok: 45588686 78

exp: 45588686 78 1 #EPN
201B/01 $022-11-19 $t10:39:59.000 
201C/01 $022-11-19 
201U/01 $0utf8 
203@/01 $01070746444 
208@/01 $a22-11-19 $be 
209A/01 $a/ $f000 $x00 
209A/01 $ab*p $x01 
220C/01 $apgar 
244Z/01 $#Generalgouvernement Polen $#Polska $#Rzeczpospolita Polska $#Polska Rzeczpospolita Ludowa $#Poland $#Pologne $#République Polonaise $#Generalne Gubernatorstwo w Polsce $#Polish People's Republic $#Polska Rzeczpospolita Polen $#PRL $#RP $#Polen Generalgouvernement $#Polska Generalgouvernement $#Besetzte Polnische Gebiete $#Besetztes Gebiet in Polen $#Okupowane Polskie Obszary $#Obszary Okupowane w Polsce $#Volksrepublik Polen $#Polska Rosyjska $#Republic Polen $#Respublika Pol'ša $#Pol'skaja Narodnaja Respublika $#République de Pologne $#Polen Links der Weichsel $#Polska po Lewej Stronie Wisły $#Lenkija $#Polija $#Gubernija Carstva Pol'skago $#Republik Polen $74046496-9 $8--Tg1--Polen $x01 $9085129801 
244Z/01 $#Schlesien $#Schlesien $#Herzogtum Schlesien $#Herzogtum Schlesien Schlesien $#Provinz Schlesien $#Śla̜sk $#Slezsko $#Silesia $74052678-1 $8--Tg1--Schlesien $x02 $9085146781 
247C/01 $82080>Marburg/Lahn, Herder-Institut, Forschungsbibliothek, Bibliographieportal $9336309341
LEADER 00000caa a2200000 c 4500
001 455886865
003 DE-603
005 20191122222926.0
007 tu
008 191122s2016 xx |||| | u00||u|ger c
035 |a (DE-599)HEB455886865 
040 |a DE-603  |b ger  |c DE-603  |d DE-603  |e rda 
041 |a ger 
082 0 4 |8 1\u  |a 417.7094385  |q DE-101  |2 23/BSB 
085 |8 1\u  |b 417.7 
085 |8 1\u  |z 2  |s 4385 
085 |8 1\u  |z 2  |s 438 
100 1 |a Chromik, Grzegorz M.  |e Verfasser  |4 aut  |0 (DE-603)416440916  |0 (DE-588)1139495291  |2 gnd 
245 0 0 |a ˜Dieœ Flur- und Siedlungsnamen der ehemaligen deutschen Sprachinsel Bielitz  |c Grzegorz M. Chromik 
264 0 |c 2016 
336 |a Text  |b txt  |2 rdacontent 
337 |a ohne Hilfsmittel zu benutzen  |b n  |2 rdamedia 
338 |a Band  |b nc  |2 rdacarrier 
650 7 |a Sprachinsel  |0 (DE-588)4233286-2  |0 (DE-603)086219421  |2 gnd 
650 7 |a Deutsch  |0 (DE-588)4113292-0  |0 (DE-603)085334081  |2 gnd 
650 7 |a Flurname  |0 (DE-588)4017725-7  |0 (DE-603)085041335  |2 gnd 
650 7 |a Ortsname  |0 (DE-588)4043950-1  |0 (DE-603)085122882  |2 gnd 
651 7 |a Bielsko-Biała  |0 (DE-588)4536324-9  |0 (DE-603)089403436  |2 gnd 
773 0 8 |i Enthalten in  |t Germanistik interdisziplinär  |d Hamburg : Verlag Dr. Kovač, 2016  |h 621 Seiten, Illustrationen, Graphen  |z 9783830091486  |z 3830091486  |g (2016), Seite 587-595  |w (DE-603)383916089 
924 0 |9 2080  |a (DE-603)1070746444  |b DE-2080  |c HES  |d d  |g /